Chcete být zdraví a nic o svých tělech nevíte /

Main Author: Veselý, Jan
Language: Czech
Published: Olomouc : Fontána, [2022]
Edition: Vydání první
Subjects:
Physical Description: 254 stran ; 21 cm
Book
Saved in:
LEADER 01882cam a2200553 i 4500
001 nkc20223431141
003 CZ PrNK
005 20220822092130.0
007 ta
008 220620t20222022xr e f 000 0 cze d
015 |a cnb003431141 
020 |a 978-80-7651-092-0  |q (brožováno) 
035 |a (OCoLC)1344359323 
040 |a ULG001  |b cze  |d BOA001  |e rda 
072 7 |a 613  |x Hygiena. Lidské zdraví  |2 Konspekt  |9 14 
080 |a 611/612  |2 MRF 
080 |a 616-092.11  |2 MRF 
080 |a 616.1/.9  |2 MRF 
080 |a 616-084  |2 MRF 
080 |a 613  |2 MRF 
080 |a (0.062)  |2 MRF 
100 1 |a Veselý, Jan  |7 xx0064602  |4 aut 
245 1 0 |a Chcete být zdraví a nic o svých tělech nevíte /  |c Jan Tomáš Veselý 
250 |a Vydání první 
264 1 |a Olomouc :  |b Fontána,  |c [2022] 
264 4 |c ©2022 
300 |a 254 stran ;  |c 21 cm 
336 |a text  |b txt  |2 rdacontent 
337 |a bez média  |b n  |2 rdamedia 
338 |a svazek  |b nc  |2 rdacarrier 
650 0 7 |a lidské tělo  |7 ph122345  |2 czenas 
650 0 7 |a zdraví a nemoc  |7 ph158519  |2 czenas 
650 0 7 |a zdravotní problémy  |7 ph135127  |2 czenas 
650 0 7 |a prevence onemocnění  |7 ph137258  |2 czenas 
650 0 7 |a péče o zdraví  |7 ph124852  |2 czenas 
650 0 9 |a human body  |2 eczenas 
650 0 9 |a health and disease  |2 eczenas 
650 0 9 |a health problems  |2 eczenas 
650 0 9 |a prevention of diseases  |2 eczenas 
650 0 9 |a health care  |2 eczenas 
655 7 |a populárně-naučné publikace  |7 fd131864  |2 czenas 
655 9 |a popular works  |2 eczenas 
910 2 |a BOA001  |b 2-1491.327 
920 |a 016020003859693  |z ULG001 
990 |a BK 
995 |a 01 
991 |b 202208  |c NOV 
996 6 |b 2610910214  |c 2-1491.327  |l MZK  |r Sklad / do 1 hodiny  |n 0  |p p.v.  |w 001894045  |u 000010  |a 1  |e BOA001  |j MZK50  |s P 
996 7 |b 2610910874  |c 2-1491.327  |l MZK  |r Sklad / do 1 hodiny  |n 3  |p kup  |w 001894045  |u 000020  |a 1  |e BOA001  |j MZK50  |s A